000
00404nam a2200145Ia 4500
001
23367
003
GE_BSU
008
181216s||||||||xx |||||||||||||| ||und||
040
_c
GE_BSU
245
_a
გადასახადები #16. 2018
653
_a
cd
653
_a
გადასახადები #16. 2018
653
_a
ელექტრონული ჟურნალი
942
_c
CF
999
_c
56265
_d
56265